Guía de la industria eléctrica nacional. (Record no. 76533)

MARC details
000 -LEADER
campo de control de longitud fija 00390nam a2200133 i 4500
001 - NÚMERO DE CONTROL
campo de control 76533
003 - IDENTIFICADOR DE NÚMERO DE CONTROL
campo de control ES-MaACL
007 - CAMPO FIJO DE DESCRIPCIÓN FÍSICA--INFORMACIÓN GENERAL
campo de control de longitud fija t|
008 - DATOS DE LONGITUD FIJA--INFORMACIÓN GENERAL
campo de control de longitud fija 041004q1944 sp ||||1| spa d
245 00 - MENCIÓN DEL TÍTULO
Título Guía de la industria eléctrica nacional.
260 ## - PUBLICACIÓN, DISTRIBUCIÓN, ETC.
Lugar de publicación, distribución, etc. Madrid :
Nombre del editor, distribuidor, etc. Gabel,
Fecha de publicación, distribución, etc. [1944?] (
Lugar de fabricación/manufactura Segovia :
Fabricante Artes Gráficas)
300 ## - DESCRIPCIÓN FÍSICA
Extensión LXXII, 407 p. :
Otras características físicas il. ;
Dimensiones 24 cm.
852 ## - LOCALIZACIÓN
Ubicación ES-MaACL
Número de control de estantería E-18236
Sublocalización o colección R.22329
Holdings
Estatus retirado Estado de pérdida Estado de daño No para préstamo Biblioteca de origen Biblioteca actual Ubicación en estantería Fecha de adquisición Fuente de adquisición Total de préstamos Signatura topográfica completa Código de barras Visto por última vez Precio de reemplazo Tipo de ítem Koha
        Biblioteca del Ateneo de Madrid Biblioteca del Ateneo de Madrid Depósito 2 17/01/2008     E-18236 1080087 23/02/2023 23/02/2023 Libro impreso